| 000 | 00706nam a2200181Ia 4500 | ||
|---|---|---|---|
| 008 | 100921s9999 xx 000 0 und d | ||
| 082 |
_b41433 _a120 न 07 |
||
| 100 | _aपाळंदे ब.न. | ||
| 245 | _aपुनर्जन्म एक शोध. | ||
| 260 |
_bमनोरमा प्रकाशन,मुंबई. _c2007 |
||
| 300 |
_a480 _bकलाभारती वितरण,पुणे |
||
| 365 | _b400 | ||
| 520 | _aतत्वज्ञान-जीवन-मरण. | ||
| 630 | _aपुनर्जन्म एक शोध. | ||
| 650 | _aतत्वज्ञान-जीवन-मरण. | ||
| 730 | _aपुनर्जन्म एक शोध. | ||
| 942 | _cBOOK | ||
| 999 |
_c790546 _d790543 |
||